<?xml version="1.0" encoding="UTF-8"?>
<record
    xmlns:xsi="http://www.w3.org/2001/XMLSchema-instance"
    xsi:schemaLocation="http://www.loc.gov/MARC21/slim http://www.loc.gov/standards/marcxml/schema/MARC21slim.xsd"
    xmlns="http://www.loc.gov/MARC21/slim">

  <leader>01110nam a22002775a 4500</leader>
  <datafield tag="999" ind1=" " ind2=" ">
    <subfield code="c">27522</subfield>
    <subfield code="d">27493</subfield>
  </datafield>
  <controlfield tag="003">EG-ScBUE</controlfield>
  <controlfield tag="005">20190616140421.0</controlfield>
  <controlfield tag="008">190610s2018    ua a   grb    000 0bara d</controlfield>
  <datafield tag="017" ind1=" " ind2=" ">
    <subfield code="a">2018 / 17934</subfield>
  </datafield>
  <datafield tag="040" ind1=" " ind2=" ">
    <subfield code="a">EG-ScBUE</subfield>
    <subfield code="b">ara</subfield>
    <subfield code="c">EG-ScBUE</subfield>
    <subfield code="d">EG-ScBUE</subfield>
  </datafield>
  <datafield tag="082" ind1="0" ind2="4">
    <subfield code="a">235.2</subfield>
    <subfield code="b">&#x635; &#x62F; &#x64A;</subfield>
    <subfield code="2">22</subfield>
  </datafield>
  <datafield tag="100" ind1="1" ind2=" ">
    <subfield code="a">&#x635;&#x62F;&#x64A;&#x642;&#x60C; &#x631;&#x627;&#x645;&#x64A; &#x639;&#x637;&#x627;&#x60C;</subfield>
    <subfield code="d">1977-</subfield>
  </datafield>
  <datafield tag="245" ind1="1" ind2="0">
    <subfield code="a">&#x643;&#x631;&#x645;&#x629; &#x645;&#x634;&#x62A;&#x647;&#x627;&#x629; &#x627;&#x644;&#x642;&#x62F;&#x64A;&#x633; &#x627;&#x644;&#x623;&#x631;&#x634;&#x64A;&#x62F;&#x64A;&#x627;&#x643;&#x648;&#x646; &#x62D;&#x628;&#x64A;&#x628; &#x62C;&#x631;&#x62C;&#x633; /</subfield>
    <subfield code="c">&#x62A;&#x623;&#x644;&#x64A;&#x641; &#x631;&#x627;&#x645;&#x64A; &#x639;&#x637;&#x627; &#x635;&#x62F;&#x64A;&#x642; &#x61B; &#x62A;&#x642;&#x62F;&#x64A;&#x645; &#x627;&#x644;&#x623;&#x646;&#x628;&#x627; &#x645;&#x648;&#x633;&#x649;.</subfield>
  </datafield>
  <datafield tag="250" ind1=" " ind2=" ">
    <subfield code="a">&#x637;. 2.</subfield>
  </datafield>
  <datafield tag="260" ind1=" " ind2=" ">
    <subfield code="a">&#x627;&#x644;&#x642;&#x627;&#x647;&#x631;&#x629; :</subfield>
    <subfield code="b">&#x645;&#x643;&#x62A;&#x628;&#x629; &#x623;&#x633;&#x642;&#x641;&#x64A;&#x629; &#x627;&#x644;&#x634;&#x628;&#x627;&#x628;&#x60C;</subfield>
    <subfield code="c">2018.</subfield>
  </datafield>
  <datafield tag="300" ind1=" " ind2=" ">
    <subfield code="a">223 &#x635;. :</subfield>
    <subfield code="b">&#x625;&#x64A;&#x636;. &#x61B;</subfield>
    <subfield code="c">24 &#x633;&#x645;.</subfield>
  </datafield>
  <datafield tag="490" ind1="0" ind2=" ">
    <subfield code="a">&#x623;&#x633;&#x642;&#x641;&#x64A;&#x629; &#x627;&#x644;&#x634;&#x628;&#x627;&#x628;.</subfield>
    <subfield code="a">&#x627;&#x644;&#x625;&#x64A;&#x645;&#x627;&#x646; - &#x627;&#x644;&#x62B;&#x642;&#x627;&#x641;&#x629; - &#x627;&#x644;&#x645;&#x62C;&#x62A;&#x645;&#x639; &#x61B;</subfield>
    <subfield code="v">19</subfield>
  </datafield>
  <datafield tag="504" ind1=" " ind2=" ">
    <subfield code="a">&#x64A;&#x634;&#x62A;&#x645;&#x644; &#x639;&#x644;&#x649; &#x625;&#x631;&#x62C;&#x627;&#x639;&#x627;&#x62A; &#x628;&#x628;&#x644;&#x64A;&#x648;&#x62C;&#x631;&#x627;&#x641;&#x64A;&#x629;.</subfield>
  </datafield>
  <datafield tag="541" ind1=" " ind2=" ">
    <subfield code="a">Mr. Farid Khamis ;</subfield>
    <subfield code="c">Donation ;</subfield>
  </datafield>
  <datafield tag="600" ind1="1" ind2="7">
    <subfield code="a">&#x62C;&#x631;&#x62C;&#x633;&#x60C; &#x62D;&#x628;&#x64A;&#x628;&#x60C;</subfield>
    <subfield code="d">1876-1951.</subfield>
  </datafield>
  <datafield tag="650" ind1=" " ind2="7">
    <subfield code="a">&#x627;&#x644;&#x642;&#x62F;&#x64A;&#x633;&#x64A;&#x646; &#x627;&#x644;&#x645;&#x633;&#x64A;&#x62D;&#x64A;&#x64A;&#x646;.</subfield>
    <subfield code="2">BUEsh</subfield>
  </datafield>
  <datafield tag="651" ind1=" " ind2=" ">
    <subfield code="2">BUEsh</subfield>
  </datafield>
  <datafield tag="653" ind1=" " ind2=" ">
    <subfield code="b">GGEN</subfield>
    <subfield code="c">June2019</subfield>
  </datafield>
  <datafield tag="700" ind1="1" ind2=" ">
    <subfield code="a">&#x645;&#x648;&#x633;&#x649;&#x60C;</subfield>
    <subfield code="c">&#x627;&#x644;&#x623;&#x646;&#x628;&#x627;&#x60C;</subfield>
    <subfield code="e">&#x645;&#x642;&#x62F;&#x645;.</subfield>
  </datafield>
  <datafield tag="942" ind1=" " ind2=" ">
    <subfield code="2">ddc</subfield>
  </datafield>
  <datafield tag="952" ind1=" " ind2=" ">
    <subfield code="0">0</subfield>
    <subfield code="1">0</subfield>
    <subfield code="2">ddc</subfield>
    <subfield code="4">0</subfield>
    <subfield code="7">0</subfield>
    <subfield code="8">Donation-G</subfield>
    <subfield code="a">MAIN</subfield>
    <subfield code="b">MAIN</subfield>
    <subfield code="c">LOW</subfield>
    <subfield code="d">2019-06-10</subfield>
    <subfield code="e">Donation</subfield>
    <subfield code="o">235.2 &#x635; &#x62F; &#x64A;</subfield>
    <subfield code="p">000047918</subfield>
    <subfield code="r">2025-07-15 00:00:00</subfield>
    <subfield code="x">Donation from Mr. Farid Khamis</subfield>
    <subfield code="y">BB</subfield>
  </datafield>
</record>
